000 01193cam a2200145 4500500
005 20260405085600.0
041 _afre
042 _adc
100 1 0 _aPaillé, Pierre
_eauthor
700 1 0 _aMucchielli, Alex
_eauthor
245 0 0 _aL'analyse qualitative en sciences humaines et sociales
260 _bArmand Colin,
_c2021.
520 _aLes méthodes qualitatives occupent une place grandissante en sciences humaines et sociales, constituant depuis leurs origines américaines un courant aussi riche que diversifié. Cet ouvrage, véritable manuel, permet d’appréhender aussi bien l’histoire que les enjeux épistémologiques et applications pratiques de ces méthodes dans leur diversité (analyses thématique, à l’aide des catégories, en mode écriture...). Réactualisé dans cette 5e édition, il cible toute la fécondité du dénominateur commun à ces méthodes : une démarche rigoureuse de reformulation, d’explicitation ou de théorisation des données d’enquête participant de la découverte et de la construction de sens.
856 4 1 _uhttps://shs.cairn.info/l-analyse-qualitative-en-sciences-humaines--9782200624019?lang=fr&redirect-ssocas=7080
999 _c2198732
_d2198732